The last good man (Record no. 43146)

MARC details
000 -LEADER
fixed length control field 00406nam a2200181Ia 4500
020 ## - INTERNATIONAL STANDARD BOOK NUMBER
ISBN 9789788452287
050 ## - CALL MARK
Classification number PT 8177 .A97/
100 ## - STATEMENT OF RESPONSIBILITY--MAIN AUTHOR NAME
Personal name Swift, Patience
245 #4 - TITLE STATEMENT
Title The last good man
260 ## - PUBLICATION, DISTRIBUTION, ETC. (IMPRINT)
Place of publication Oyo
260 ## - PUBLICATION, DISTRIBUTION, ETC. (IMPRINT)
Name of publisher Beautifull Books Limited
260 ## - PUBLICATION, DISTRIBUTION, ETC. (IMPRINT)
Year of publication 2008
300 ## - PHYSICAL DESCRIPTION
Number of Pages 174 p
650 ## - SUBJECT ADDED ENTRY--TOPICAL TERM
Topical Term Oyo
942 ## - ADDED ENTRY ELEMENTS (KOHA)
Koha item type Books
Holdings
Withdrawn status Lost status Source of classification or shelving scheme Damaged status Not for loan Permanent Location Current Location Shelving location Date acquired Accession Number Price effective from Koha item type
    Library of Congress Classification     NILE UNIVERSITY OF NIGERIA - MAIN LIBRARY NILE UNIVERSITY OF NIGERIA - MAIN LIBRARY Items on shelf 06/03/2025 0012353 06/03/2025 Books
    Library of Congress Classification     NILE UNIVERSITY OF NIGERIA - MAIN LIBRARY NILE UNIVERSITY OF NIGERIA - MAIN LIBRARY Items on shelf 06/03/2025 0012354 06/03/2025 Books